000 00884nam a2200289Ia 4500
003 OSt
005 20220926004901.0
006 a|||||r|||| 00| 0
007 ta
008 220923b |||||||| |||| 00| 0 eng d
020 _a9781446273739
_c3407.8499999999999
037 _b1790, 23/02/2016, Pranami Book Service
_cGeneral Book
040 _aRTL
_cRTL
_beng
041 _2eng
_aeng
082 _aX9:51, Q1;Q4
100 _aBRENNAN Ross
245 0 _aBusiness- to- business marketing
250 _a3rd
260 _a New Delhi
_bSage
_c2014
300 _axxi,385p
_ccm.
500 _aReferences:187-194p.
650 _aCommerce
700 _a CANNING LOUISE
700 _a McDOWELL Raymond
942 _hX9:51, Q1;Q4
_cGB
_2CC
999 _c612450
_d612450